000 00515nam a2200181Ia 4500
003 GCL
008 140319s9999 xx 000 0 ara d
040 _aGCL /
_cGCL
082 0 4 _a811.9
_bم و
100 1 _aمحمود درويش
245 1 0 _aورد اقل: شعر /
_cمحمود درويش
260 _a[S.N] :
_bدار العودة للصحافة والطباعه ،
_c1990
300 _a109 ص
490 _a
650 0 4 _aالشعر العربى
650 0 4 _aالادب العربى
942 _2ddc
_cBK
999 _c45798
_d45798